书目信息 |
| 题名: |
现代领导方法与艺术
|
|
| 作者: | 孙钱章 主编 | |
| 分册: | 上册 | |
| 出版信息: | 北京 人民出版社 1998.01 |
|
| 页数: | 432页 | |
| 开本: | 21cm | |
| 丛书名: | ||
| 单 册: | ||
| 中图分类: | C933.2 | |
| 科图分类: | ||
| 主题词: | 领导学 | |
| 电子资源: | ||
| ISBN: | 7-01-002720-X | |
| 000 | 00560nam0 2200193 45 | |
| 001 | 0010041099 | |
| 005 | 20040505140714.5 | |
| 010 | @a7-01-002720-X@dCNY42.00 | |
| 100 | @a20001004d1998 km y0chiy0120 ea | |
| 101 | 0 | @achi |
| 105 | @a z 000yy | |
| 200 | 1 | @a现代领导方法与艺术@AXian Dai Ling Dao Fang Fa Yu Yi Shu@h上册@f孙钱章主编@FSun Qian Zhang Zhu Bian |
| 210 | @a北京@c人民出版社@d1998.01 | |
| 215 | @a432页@d21cm | |
| 606 | 0 | @a领导学 |
| 690 | @aC933.2@v3 | |
| 701 | 0 | @a孙钱章@4主编 |
| 801 | @aCN@bTSTC@c20001004 | |
| 905 | @dC933.2@e107:1@f1@b291335 | |
| 现代领导方法与艺术.上册/孙钱章主编.-北京:人民出版社,1998.01 |
| 432页;21cm |
| ISBN 7-01-002720-X:CNY42.00 |
| ● |
| 相关链接 |
|
|
|
|
正题名:现代领导方法与艺术
索取号:C933.2/107:1
 
预约/预借
| 序号 | 登录号 | 条形码 | 馆藏地/架位号 | 状态 | 备注 |
| 1 | 0291334 | 002913342 | 第一借阅区/ [索取号:C933.2/107:1] | 在馆 | |
| 2 | 0291335 | 002913351 | 教育系资料室/ [索取号:C933.2/107:1] | 在馆 | |
| 3 | 0291336 | 002913360 | 第一样本阅览室/ [索取号:C933.2/107:1] | 在馆 |